| 000 | 01772nam0a22003131 4500 | ||
|---|---|---|---|
| 001 | rc\3264707 | ||
| 005 | 20130115143815.6 | ||
| 021 |
_aRU _b[70-28077] |
||
| 035 | _a(NLR Aleph) 007485497 | ||
| 090 |
_a7561881 _c7561881 |
||
| 100 | _a20130115d1970 |||y0rusy50 ca | ||
| 101 | 0 | _arus | |
| 102 | _aRU | ||
| 105 | _ay z ||||| | ||
| 200 | 1 |
_aТезисы докладов Уральской межвузовской научной конференции по физическому воспитанию, физиологии и психологии спорта _fПод общ. ред. проф. И.С. Бурди _gМ-во просвещения РСФСР. Перм. гос. пед. ин-т |
|
| 210 |
_aПермь _cБ. и. _d1970 |
||
| 215 |
_a227 с. _d19 |
||
| 300 | _aНа обл. загл.: Физическое воспитание, физиология и психология спорта | ||
| 512 | 0 | _aФизическое воспитание, физиология и психология спорта | |
| 606 |
_aФизическая культура и спорт _xФизиология _jТезисы докладов _2psbo |
||
| 606 |
_aФизическая культура и спорт _xПсихологические основы _jТезисы докладов _2psbo |
||
| 606 |
_aФизическое воспитание _jТезисы докладов _2psbo |
||
| 702 | 1 |
_aБурди _bИ. С. _4340 |
|
| 710 | 1 | 2 | _aУральская межвузовская научная конференция по физическому воспитанию, физиологии и психологии спорта (1970; Пермь) |
| 801 | 0 |
_aRU _bNLR _gpsbo |
|
| 801 | 1 |
_aRU _bELAR _2rusmarc |
|
| 852 |
_aNLR _j70-3/1561 |
||
| 942 | _cBOOK | ||
| 980 | _aNB | ||